[Event "Harrow Poobalasingam op 1st"]
[Site "Harrow"]
[Date "2018.09.09"]
[Round "5"]
[White "D'Costa, Lorin AR"]
[Black "Ferguson, Mark"]
[Result "1/2-1/2"]
[WhiteElo "2390"]
[BlackElo "2406"]
[PlyCount "149"]
[EventDate "2018.09.09"]
[EventType "swiss (rapid)"]
[EventRounds "6"]
[EventCountry "ENG"]
[SourceTitle "CBM 186 Extra"]
[Source "ChessBase"]
[SourceDate "2018.08.24"]
[SourceVersion "1"]
[SourceVersionDate "2018.08.24"]
[SourceQuality "1"]

1. Nf3 d5 2. c4 c6 3. e3 Nf6 4. Nc3 a6 5. Qc2 b5 6. b3 g6 7. Bb2 Bf5 8. Bd3 Bxd3 9. Qxd3 e6 10. 0-0 Bg7 11. Rfc1 0-0 12. Rc2 Nbd7 13. cxd5 cxd5 14. Rac1 Qb6 15. Ne2 Rfd8 16. Ne5 Nxe5 17. Bxe5 Ne8 18. Bxg7 Kxg7 19. Nd4 Qd6 20. Nc6 Rdc8 21. Qd4+ f6 22. Na5 Rxc2 23. Rxc2 Qd8 24. b4 Rc8 25. Rc5 Rxc5 26. Qxc5 Qc7 27. Kf1 Kf7 28. f4 Qxc5 29. bxc5 e5 30. fxe5 fxe5 31. d4 Ke6 32. Ke2 Nc7 33. Nc6 exd4 34. exd4 Kd7 35. Na5 Ke6 36. Ke3 h6 37. g4 Kf6 38. h4 Ne6 39. Nc6 Nc7 40. Kf4 g5+ 41. hxg5+ hxg5+ 42. Ke3 Ke6 43. Kd3 Kd7 44. Ne5+ Ke6 45. Kc3 a5 46. Nc6 b4+ 47. Kd3 Kd7 48. Nxa5 Ne6 49. Ke3 Kc7 50. Kd3 Kd7 51. Nb7 Kc6 52. Nd6 Nf4+ 53. Ke3 Ne6 54. Kd3 Nf4+ 55. Kd2 Ne6 56. Ke3 Nc7 57. Nf7 Ne6 58. Nxg5 Nxg5 59. Kf4 Ne4 60. g5 Kd7 61. g6 Ke6 62. g7 Nf6 63. Kg5 Ng8 64. Kg6 Nf6 65. c6 Ng8 66. Kh7 Nf6+ 67. Kh8 Kd6 68. g8Q Nxg8 69. Kxg8 Kxc6 70. Kf7 Kd7 71. Kf6 Kd6 72. Kf5 Kd7 73. Ke5 Ke7 74. Kxd5 Kd7 75. Kc4 1/2-1/2

[Event "Harrow Poobalasingam op 1st"]
[Site "Harrow"]
[Date "2018.09.09"]
[Round "4"]
[White "Ferguson, Mark"]
[Black "Howell, David"]
[Result "1/2-1/2"]
[WhiteElo "2406"]
[BlackElo "2689"]
[PlyCount "124"]
[EventDate "2018.09.09"]
[EventType "swiss (rapid)"]
[EventRounds "6"]
[EventCountry "ENG"]
[SourceTitle "CBM 186 Extra"]
[Source "ChessBase"]
[SourceDate "2018.08.24"]
[SourceVersion "1"]
[SourceVersionDate "2018.08.24"]
[SourceQuality "1"]

1. e4 e6 2. d4 d5 3. Nd2 c5 4. exd5 Qxd5 5. Ngf3 cxd4 6. Bc4 Qd7 7. 0-0 Nc6 8. Nb3 a6 9. Nbxd4 Nxd4 10. Nxd4 Qc7 11. Bb3 Bd6 12. h3 Ne7 13. c3 0-0 14. Re1 Bd7 15. Qh5 Rfe8 16. Bc2 g6 17. Qh4 Nf5 18. Nxf5 exf5 19. Be3 Bh2+ 20. Kh1 Be5 21. Bd4 Bxd4 22. Qxd4 Be6 23. Rad1 Rad8 24. Qf6 Rxd1 25. Bxd1 Qd8 26. Qxd8 Rxd8 27. Bf3 Rd2 28. Re2 Rxe2 29. Bxe2 Bxa2 30. f4 Kf8 31. Kg1 Ke7 32. Kf2 Kd6 33. Ke3 Kc5 34. b4+ Kd6 35. Kd4 Bd5 36. g3 Bg2 37. h4 f6 38. Bc4 Be4 39. Bg8 h6 40. Bf7 g5 41. Bc4 Bc2 42. Be2 Be4 43. Bc4 Bc6 44. Bd3 Bd7 45. Be2 Bc8 46. c4 b6 47. c5+ bxc5+ 48. bxc5+ Kc6 49. Bf3+ Kc7 50. Bd5 a5 51. Kc4 Ba6+ 52. Kc3 Bb7 53. Be6 Be4 54. Kc4 Kc6 55. Bf7 Bc2 56. Be8+ Kc7 57. Kb5 Kd8 58. Bf7 a4 59. Kb4 Kd7 60. Bd5 Kc7 61. Bf3 Kd7 62. Bd5 Kc7 1/2-1/2

[Event "BCF-chT1c 1415 (4NCL) Promotion pool"]
[Site "England"]
[Date "2015.05.04"]
[Round "11.113"]
[White "Sadler, Matthew D"]
[Black "Ferguson, Mark"]
[Result "1-0"]
[WhiteElo "2658"]
[BlackElo "2418"]
[PlyCount "81"]
[EventDate "2014.11.15"]
[EventType "team-tourn"]
[EventRounds "4"]
[EventCountry "ENG"]
[SourceTitle "EXT 2023"]
[Source "ChessBase"]
[SourceDate "2022.10.05"]
[SourceVersion "1"]
[SourceVersionDate "2022.10.05"]
[SourceQuality "1"]
[WhiteTeam "Guildford"]
[BlackTeam "Barbican"]
[WhiteTeamCountry "ENG"]
[BlackTeamCountry "ENG"]

1. d4 d5 2. c4 c6 3. Nc3 Nf6 4. e3 a6 5. Nf3 Bf5 6. Qb3 Ra7 7. Nh4 Be6 8. a4 b6 9. Nf3 g6 10. Be2 Bg7 11. 0-0 0-0 12. Bd2 h6 13. Rfd1 Nbd7 14. Rac1 Qa8 15. a5 Rb8 16. Qa3 bxa5 17. Na4 Bf8 18. Bxa5 dxc4 19. Bxc4 Bd5 20. b4 e6 21. Be2 Bd6 22. Nd2 Rab7 23. Nc5 Bxc5 24. dxc5 Re8 25. Qd3 e5 26. e4 Be6 27. Qe3 Kg7 28. Nc4 Bxc4 29. Bxc4 Nf8 30. Rd6 Rd7 31. Rcd1 Rxd6 32. Rxd6 Ne6 33. h3 Nd4 34. f4 Nb5 35. fxe5 Ng8 36. Rd7 Re7 37. Rd8 Qb7 38. e6 fxe6 39. Qf4 Nf6 40. Qe5 Rd7 41. Bxe6 1-0

[Event "BCF-chT1c 1415 (4NCL) Promotion pool"]
[Site "England"]
[Date "2015.05.03"]
[Round "10.113"]
[White "Ferguson, Mark"]
[Black "Eggleston, David"]
[Result "0-1"]
[WhiteElo "2418"]
[BlackElo "2424"]
[PlyCount "52"]
[EventDate "2014.11.15"]
[EventType "team-tourn"]
[EventRounds "4"]
[EventCountry "ENG"]
[SourceTitle "EXT 2023"]
[Source "ChessBase"]
[SourceDate "2022.10.05"]
[SourceVersion "1"]
[SourceVersionDate "2022.10.05"]
[SourceQuality "1"]
[WhiteTeam "Barbican"]
[BlackTeam "Cheddleton"]
[WhiteTeamCountry "ENG"]
[BlackTeamCountry "ENG"]

1. e4 c5 2. Nf3 d6 3. Bb5+ Nd7 4. d4 cxd4 5. Qxd4 a6 6. Bxd7+ Bxd7 7. Nc3 e5 8. Qd3 h6 9. Nd5 Nf6 10. Nxf6+ Qxf6 11. a4 Be7 12. 0-0 0-0 13. a5 Bc6 14. Nd2 Qg6 15. c4 f5 16. f3 fxe4 17. Nxe4 d5 18. Nf2 e4 19. Qc2 Rxf3 20. cxd5 Bxd5 21. Kh1 Rf5 22. Be3 Bd6 23. Nh3 Raf8 24. Rxf5 Qxf5 25. Bc5 Rc8 26. b4 Qe5 0-1

[Event "BCF-chT1a 1415 (4NCL)"]
[Site "England"]
[Date "2015.01.10"]
[Round "3.133"]
[White "Dineley, Richard"]
[Black "Ferguson, Mark"]
[Result "0-1"]
[WhiteElo "2253"]
[BlackElo "2415"]
[PlyCount "96"]
[EventDate "2014.11.15"]
[EventType "team-swiss"]
[EventRounds "11"]
[EventCountry "ENG"]
[SourceTitle "EXT 2016"]
[Source "ChessBase"]
[SourceDate "2015.10.08"]
[SourceVersion "1"]
[SourceVersionDate "2015.10.08"]
[SourceQuality "1"]
[WhiteTeam "South Wales Dragons"]
[BlackTeam "Barbican"]
[WhiteTeamCountry "ENG"]
[BlackTeamCountry "ENG"]

1. e4 e5 2. Nf3 Nc6 3. Bb5 a6 4. Ba4 Nf6 5. 0-0 Be7 6. Re1 b5 7. Bb3 0-0 8. a4 b4 9. d3 h6 10. Nbd2 Bc5 11. Nc4 d6 12. h3 Be6 13. a5 Nd4 14. Nxd4 Bxd4 15. Ra2 Nd7 16. Be3 Nc5 17. Bxd4 exd4 18. Nd2 Nxb3 19. Nxb3 Qg5 20. Qf3 Rab8 21. Raa1 Bxb3 22. cxb3 Rb5 23. Rac1 Rc5 24. Qd1 Re8 25. Rc4 Rxc4 26. bxc4 Qxa5 27. Qa1 Qg5 28. Qa4 Rb8 29. Rd1 a5 30. Qc6 Qd8 31. Ra1 Ra8 32. b3 Ra7 33. Ra4 Qa8 34. Qd7 Qb8 35. Qc6 Kf8 36. Kh2 Qe8 37. Qd5 Qe5+ 38. Kg1 Qxd5 39. exd5 f5 40. g4 fxg4 41. hxg4 Ke7 42. Kg2 Kd7 43. Kf3 c5 44. dxc6+ Kxc6 45. Ke4 Kc5 46. Ra2 a4 47. bxa4 b3 48. Ra1 Re7+ 0-1

[Event "Douglas PokerStars op"]
[Site "Douglas"]
[Date "2014.10.09"]
[Round "6"]
[White "Ferguson, Mark"]
[Black "Paehtz, Elisabeth"]
[Result "1-0"]
[WhiteElo "2414"]
[BlackElo "2477"]
[PlyCount "59"]
[EventDate "2014.10.04"]
[EventType "swiss"]
[EventRounds "9"]
[EventCountry "IOM"]
[SourceTitle "CBM 162 Extra"]
[Source "ChessBase"]
[SourceDate "2014.10.17"]
[SourceVersion "1"]
[SourceVersionDate "2014.10.17"]
[SourceQuality "1"]

1. e4 c5 2. Nf3 e6 3. b3 b6 4. Bb2 Bb7 5. Qe2 Nc6 6. Nc3 Nge7 7. 0-0-0 Ng6 8. h4 Nd4 9. Nxd4 cxd4 10. Nb5 e5 11. g3 Be7 12. h5 Nf8 13. Qg4 Ne6 14. Bc4 0-0 15. Bd5 Bc6 16. c4 a6 17. Na3 b5 18. f4 Qa5 19. h6 g6 20. f5 Bxd5 21. exd5 Nc5 22. Kb1 Nd3 23. fxg6 hxg6 24. Qe4 Bxa3 25. Bxa3 bxc4 26. h7+ Kh8 27. Be7 f5 28. Qh4 Qb6 29. d6 Kg7 30. h8Q+ 1-0

[Event "Douglas PokerStars op"]
[Site "Douglas"]
[Date "2014.10.04"]
[Round "1"]
[White "Adams, Michael"]
[Black "Ferguson, Mark"]
[Result "1-0"]
[WhiteElo "2758"]
[BlackElo "2414"]
[PlyCount "73"]
[EventDate "2014.10.04"]
[EventType "swiss"]
[EventRounds "9"]
[EventCountry "IOM"]
[SourceTitle "CBM 162 Extra"]
[Source "ChessBase"]
[SourceDate "2014.10.17"]
[SourceVersion "1"]
[SourceVersionDate "2014.10.17"]
[SourceQuality "1"]

1. c4 Nf6 2. g3 e5 3. Bg2 d5 4. cxd5 Nxd5 5. Nc3 Nb6 6. Nf3 Nc6 7. 0-0 Be7 8. a3 0-0 9. b4 Be6 10. d3 f6 11. Bb2 a5 12. b5 Nd4 13. Nxd4 exd4 14. Nb1 Bd5 15. Nd2 f5 16. Bxd5+ Qxd5 17. Qb3 Bf6 18. Rfc1 Rf7 19. Qxd5 Nxd5 20. Rc5 Rd7 21. Kf1 Ne7 22. Rac1 c6 23. Nc4 Rd5 24. Nb6 Rxc5 25. Rxc5 Rd8 26. bxc6 Nxc6 27. Nc4 g6 28. Nxa5 Nxa5 29. Rxa5 Kf7 30. Rb5 Rd7 31. Bc1 Be7 32. a4 Ke6 33. Bf4 Bd8 34. h4 b6 35. Bg5 Bc7 36. Rb4 Kd5 37. Bf6 1-0

[Event "BCF-chT1d 1314 (4NCL) Demotion pool"]
[Site "England"]
[Date "2014.03.23"]
[Round "8.156"]
[White "Okike, David"]
[Black "Ferguson, Mark"]
[Result "1/2-1/2"]
[WhiteElo "2152"]
[BlackElo "2417"]
[PlyCount "149"]
[EventDate "2013.11.16"]
[EventType "team-tourn"]
[EventRounds "4"]
[EventCountry "ENG"]
[SourceTitle "EXT 2015"]
[Source "ChessBase"]
[SourceDate "2014.11.20"]
[SourceVersion "1"]
[SourceVersionDate "2014.11.20"]
[SourceQuality "1"]
[WhiteTeam "Kings Head"]
[BlackTeam "Barbican"]
[WhiteTeamCountry "ENG"]
[BlackTeamCountry "ENG"]

1. e4 e5 2. Nf3 Nf6 3. Nc3 Nc6 4. Bb5 Nd4 5. Bc4 Nxf3+ 6. Qxf3 d6 7. d3 Be7 8. Bd2 c6 9. h3 0-0 10. a4 Be6 11. 0-0 d5 12. Ba2 dxe4 13. Nxe4 Bxa2 14. Rxa2 Nd5 15. Raa1 Re8 16. Rfd1 Qb6 17. a5 Qc7 18. Ra4 Rad8 19. Be3 Nxe3 20. fxe3 Bf8 21. Rf1 Re6 22. Kh1 h6 23. b3 a6 24. g4 Rd5 25. Kg2 Qe7 26. Qf2 Rd8 27. Qf5 g6 28. Qf2 Bg7 29. h4 Rf8 30. g5 h5 31. Qg3 Qd8 32. Rf3 Kh7 33. Ra1 Re7 34. Qe1 Qd7 35. Qg3 Qd8 36. Ra4 Re6 37. Qf2 Re7 38. Ra1 Kg8 39. Qd2 Rd7 40. Raf1 Rd5 41. b4 Qc8 42. Rg3 Rdd8 43. Qc3 Qe6 44. Qe1 Qa2 45. Qc3 Qe6 46. Rf2 Qd5 47. Kf1 Qe6 48. Ke2 Qd5 49. Rgf3 Rd7 50. Rf1 Rdd8 51. Qe1 Qa2 52. Qc3 Qd5 53. Qc5 Rd7 54. R1f2 Qe6 55. Kf1 Qd5 56. Qc3 Rdd8 57. Qe1 Rd7 58. Nc5 Re7 59. Kg1 Qd8 60. Ne4 Qd7 61. Rf6 Qe8 62. R6f3 Qd7 63. Qf1 Qg4+ 64. Qg2 Qe6 65. Kh2 Rc7 66. Qf1 Qg4 67. Qh3 Qxh3+ 68. Kxh3 Rd8 69. Rf1 Bf8 70. Rb1 Be7 71. Kg2 Kg7 72. Kg1 Rd5 73. Nc3 Rd8 74. Ne4 Rd5 75. Nc3 1/2-1/2

[Event "BCF-chT1b 1314 (4NCL)"]
[Site "England"]
[Date "2014.03.22"]
[Round "7.165"]
[White "Ferguson, Mark"]
[Black "Walton, Alan J"]
[Result "0-1"]
[WhiteElo "2417"]
[BlackElo "2104"]
[PlyCount "92"]
[EventDate "2013.11.16"]
[EventType "team-tourn"]
[EventRounds "7"]
[EventCountry "ENG"]
[SourceTitle "EXT 2015"]
[Source "ChessBase"]
[SourceDate "2014.11.20"]
[SourceVersion "1"]
[SourceVersionDate "2014.11.20"]
[SourceQuality "1"]
[WhiteTeam "Barbican"]
[BlackTeam "3CS Oldham"]
[WhiteTeamCountry "ENG"]
[BlackTeamCountry "ENG"]

1. e4 e6 2. d4 d5 3. Nd2 Be7 4. Ngf3 Nf6 5. e5 Nfd7 6. Bd3 c5 7. c3 b6 8. 0-0 Ba6 9. Ne1 Bxd3 10. Nxd3 Nc6 11. Qg4 g6 12. Nf3 h6 13. h4 Qc7 14. h5 c4 15. Nde1 0-0-0 16. b3 Na5 17. hxg6 Rdg8 18. Qf4 f5 19. exf6 Qxf4 20. Bxf4 Bxf6 21. g3 Rxg6 22. Ng2 Kb7 23. Rfe1 Bg5 24. b4 Nc6 25. b5 Nd8 26. a4 Rf8 27. Kh2 Nf6 28. Ne5 Rg7 29. a5 Ne4 30. axb6 axb6 31. Ra3 Be7 32. Raa1 Nxc3 33. Nd7 Rf5 34. Ra6 Nxb5 35. Rxb6+ Kc8 36. Ne5 Nxd4 37. Ra1 Rxe5 38. Bxe5 Nf3+ 39. Kh3 Nxe5 40. Nf4 Nd7 41. Ra8+ Kc7 42. Rb1 Nc5 43. Ra7+ Kd6 44. Rb6+ Nc6 45. Ra8 Bg5 46. Nh5 Rb7 0-1

[Event "BCF-chT1b 1314 (4NCL)"]
[Site "England"]
[Date "2014.02.16"]
[Round "6.153"]
[White "Speelman, Jonathan S"]
[Black "Ferguson, Mark"]
[Result "1/2-1/2"]
[WhiteElo "2503"]
[BlackElo "2417"]
[PlyCount "53"]
[EventDate "2013.11.16"]
[EventType "team-tourn"]
[EventRounds "7"]
[EventCountry "ENG"]
[SourceTitle "EXT 2015"]
[Source "ChessBase"]
[SourceDate "2014.11.20"]
[SourceVersion "1"]
[SourceVersionDate "2014.11.20"]
[SourceQuality "1"]
[WhiteTeam "Wood Green Hilsmark"]
[BlackTeam "Barbican"]
[WhiteTeamCountry "ENG"]
[BlackTeamCountry "ENG"]

1. Nf3 d5 2. b3 Nf6 3. Bb2 Bf5 4. e3 e6 5. Be2 h6 6. 0-0 Be7 7. d3 0-0 8. Nbd2 Bh7 9. Re1 a5 10. a3 c6 11. Bf1 Qb6 12. h3 Nbd7 13. Ra2 Rfc8 14. Qa1 Qd8 15. e4 Nc5 16. e5 Nfd7 17. d4 Ne4 18. c4 Nxd2 19. Nxd2 Bg5 20. Bc3 a4 21. b4 Bxd2 22. Bxd2 dxc4 23. Bxc4 Nb6 24. Bf1 Qd7 25. Bc1 Rd8 26. Rd2 Nd5 27. Qb2 1/2-1/2

[Event "BCF-chT1b 1314 (4NCL)"]
[Site "England"]
[Date "2013.11.17"]
[Round "2.165"]
[White "Townsend, M Paul"]
[Black "Ferguson, Mark"]
[Result "1/2-1/2"]
[WhiteElo "2230"]
[BlackElo "2417"]
[PlyCount "88"]
[EventDate "2013.11.16"]
[EventType "team-tourn"]
[EventRounds "7"]
[EventCountry "ENG"]
[SourceTitle "EXT 2015"]
[Source "ChessBase"]
[SourceDate "2014.11.20"]
[SourceVersion "1"]
[SourceVersionDate "2014.11.20"]
[SourceQuality "1"]
[WhiteTeam "White Rose"]
[BlackTeam "Barbican"]
[WhiteTeamCountry "ENG"]
[BlackTeamCountry "ENG"]

1. d4 d5 2. c4 c6 3. Nf3 Nf6 4. e3 e6 5. b3 c5 6. dxc5 Bxc5 7. Bb2 0-0 8. Nc3 Nc6 9. a3 dxc4 10. b4 Bd6 11. Bxc4 a6 12. 0-0 Qc7 13. Be2 Rd8 14. Qc2 Ne5 15. Nxe5 Bxe5 16. f4 Bd6 17. Rac1 Qb6 18. Rf3 Bd7 19. Bd3 Rac8 20. Kh1 Be7 21. Qe2 Bc6 22. Rff1 Rd7 23. Rfd1 Rcd8 24. Bc2 h5 25. Na4 Qb5 26. Qxb5 axb5 27. Nc3 Ng4 28. Rxd7 Rxd7 29. Nd1 Rd2 30. e4 Nf2+ 31. Nxf2 Rxf2 32. Be5 f6 33. Bc7 f5 34. Kg1 Rd2 35. Kf1 fxe4 36. Bb3 Bd5 37. Rd1 Bc4+ 38. Kg1 Rxd1+ 39. Bxd1 Bf6 40. Be5 h4 41. Kf2 Kf7 42. Ke3 Kg6 43. Bg4 Bd5 44. g3 hxg3 1/2-1/2

[Event "EU-Cup 29th"]
[Site "Rhodes"]
[Date "2013.10.22"]
[Round "3.2"]
[White "Kanmazalp, Ogulcan"]
[Black "Ferguson, Mark"]
[Result "0-1"]
[WhiteElo "2417"]
[BlackElo "2414"]
[PlyCount "82"]
[EventDate "2013.10.20"]
[EventType "team-swiss"]
[EventRounds "7"]
[EventCountry "GRE"]
[SourceTitle "CBM 157"]
[Source "ChessBase"]
[SourceDate "2013.11.12"]
[SourceVersion "1"]
[SourceVersionDate "2013.11.12"]
[SourceQuality "1"]
[WhiteTeam "BJK"]
[BlackTeam "Barbican"]
[WhiteTeamCountry "TUR"]
[BlackTeamCountry "ENG"]

1. d4 d5 2. c4 c6 3. cxd5 cxd5 4. Nc3 Nf6 5. Bf4 Nc6 6. e3 Bf5 7. Qb3 Na5 8. Qa4+ Bd7 9. Qc2 e6 10. Bd3 Rc8 11. Nf3 Bb4 12. 0-0 0-0 13. Rfc1 h6 14. h3 Qe7 15. a3 Bxc3 16. bxc3 Nc4 17. Qb3 Bc6 18. a4 b6 19. Ne5 Qb7 20. Qc2 Nd7 21. Qe2 Ndxe5 22. dxe5 Qe7 23. e4 Na5 24. exd5 Bxd5 25. c4 Bb7 26. Rc3 Rfd8 27. Rac1 Qh4 28. Qe3 Nc6 29. Be4 Na5 30. Bd3 Nc6 31. Be4 Na5 32. Bb1 Nc6 33. Qe4 Nd4 34. Qh7+ Kf8 35. Bg3 Qg5 36. Re3 Ne2+ 37. Kh2 Nxc1 38. f4 Qh5 39. Qh8+ Ke7 40. Qxg7 Rd2 41. Qf6+ Ke8 0-1

[Event "EU-Cup 29th"]
[Site "Rhodes"]
[Date "2013.10.20"]
[Round "1.2"]
[White "Ferguson, Mark"]
[Black "Movsesian, Sergei"]
[Result "0-1"]
[WhiteElo "2414"]
[BlackElo "2696"]
[PlyCount "114"]
[EventDate "2013.10.20"]
[EventType "team-swiss"]
[EventRounds "7"]
[EventCountry "GRE"]
[SourceTitle "CBM 157"]
[Source "ChessBase"]
[SourceDate "2013.11.12"]
[SourceVersion "1"]
[SourceVersionDate "2013.11.12"]
[SourceQuality "1"]
[WhiteTeam "Barbican"]
[BlackTeam "St Petersburg"]
[WhiteTeamCountry "ENG"]
[BlackTeamCountry "RUS"]

1. e4 c5 2. Nf3 e6 3. d3 Nc6 4. g3 Nf6 5. Bg2 Be7 6. 0-0 0-0 7. Re1 d6 8. c3 Bd7 9. d4 cxd4 10. cxd4 d5 11. e5 Ne4 12. Nbd2 Nxd2 13. Bxd2 Qb6 14. Bc3 a5 15. Qd2 Rfc8 16. a3 Qd8 17. Bf1 b5 18. Bxb5 Nxe5 19. dxe5 Bxb5 20. Rac1 Bd7 21. Bd4 Rc4 22. Rc3 a4 23. Rec1 Bb5 24. Qe3 Rac8 25. Nd2 Bg5 26. f4 Be7 27. h3 h6 28. Kh2 Qd7 29. R1c2 Rxc3 30. Rxc3 Rb8 31. Rc1 Ba6 32. Rc2 Bd8 33. Kg2 Ba5 34. Kh2 Qb7 35. Kg1 Bb5 36. Kh2 Qa6 37. Rc1 Bd3 38. Kg1 Bg6 39. Kf2 Kh7 40. g4 Rb5 41. Rc5 Rb7 42. Rc1 Bd8 43. Kf3 Rb8 44. Kf2 Qb7 45. Kg3 Ba5 46. Kf2 Bb6 47. b4 axb3 48. Nxb3 Bxd4 49. Nxd4 Qb2+ 50. Ne2 Qa2 51. Kg3 Rb2 52. Nd4 Be4 53. Rc7 Rd2 54. Rc3 Rh2 55. Kh4 Qg2 56. Qg3 Qh1 57. Qe3 Bg2 0-1

[Event "BCF-chT1a 1213 (4NCL)"]
[Site "England"]
[Date "2013.02.23"]
[Round "5.135"]
[White "Ferguson, Mark"]
[Black "Murphy, Hugh"]
[Result "1/2-1/2"]
[WhiteElo "2402"]
[BlackElo "2152"]
[PlyCount "93"]
[EventDate "2012.11.03"]
[EventType "team-tourn"]
[EventRounds "7"]
[EventCountry "ENG"]
[SourceTitle "EXT 2014"]
[Source "ChessBase"]
[SourceDate "2013.11.20"]
[SourceVersion "1"]
[SourceVersionDate "2013.11.20"]
[SourceQuality "1"]
[WhiteTeam "Barbican"]
[BlackTeam "Sambuca Sharks"]
[WhiteTeamCountry "ENG"]
[BlackTeamCountry "ENG"]

1. e4 c6 2. d4 d5 3. e5 Bf5 4. Nf3 e6 5. Be2 Bb4+ 6. c3 Ba5 7. 0-0 Nd7 8. Nbd2 Bc7 9. Re1 f6 10. Nh4 Nh6 11. Nf1 fxe5 12. Bxh6 Qxh4 13. Bxg7 Rg8 14. Bh5+ Ke7 15. Bxe5 Nxe5 16. dxe5 Raf8 17. Ng3 Bb6 18. Bf3 Bg4 19. Qa4 Bxf2+ 20. Kxf2 Qxh2 21. Ke3 Qxg3 22. Qxa7 Qf4+ 23. Kd3 Bf5+ 24. Ke2 Qc4+ 25. Kf2 Qh4+ 26. Kg1 Rb8 27. a4 Qg3 28. Qe3 Bh3 29. Re2 Rbf8 30. Rf1 Rf4 31. Qf2 Qg5 32. Qb6 Rg6 33. Qxb7+ Kf8 34. Ref2 Kg8 35. Qc8+ Rf8 36. Qxf8+ Kxf8 37. Bg4+ Kg7 38. Bxh3 Qxe5 39. Rf7+ Kh6 40. R1f4 Qe3+ 41. Kh1 Qe1+ 42. Rf1 Qg3 43. a5 Qd3 44. R1f4 Rg5 45. R4f6+ Rg6 46. Rf4 Rg5 47. R4f6+ 1/2-1/2

[Event "London Classic op 4th"]
[Site "London"]
[Date "2012.12.05"]
[Round "5"]
[White "Ferguson, Mark"]
[Black "Williams, Simon Kim"]
[Result "0-1"]
[WhiteElo "2402"]
[BlackElo "2515"]
[PlyCount "70"]
[EventDate "2012.12.01"]
[EventType "swiss"]
[EventRounds "9"]
[EventCountry "ENG"]
[SourceTitle "CBM 151 Extra"]
[Source "ChessBase"]
[SourceDate "2012.12.18"]
[SourceVersion "1"]
[SourceVersionDate "2012.12.18"]
[SourceQuality "1"]

1. e4 c5 2. Nf3 d6 3. Bb5+ Nc6 4. Bxc6+ bxc6 5. 0-0 Bg4 6. h3 Bh5 7. e5 dxe5 8. g4 Bg6 9. Nxe5 e6 10. d3 Bd6 11. Nxg6 hxg6 12. Qf3 Ne7 13. Nc3 Bc7 14. Bf4 Bxf4 15. Qxf4 Nd5 16. Nxd5 cxd5 17. Kg2 g5 18. Qa4+ Ke7 19. b4 d4 20. bxc5 Qd5+ 21. f3 Qxc5 22. Rab1 Rab8 23. Rfe1 Rhc8 24. Rxb8 Rxb8 25. Re2 Rb2 26. Rf2 a5 27. Re2 e5 28. Kf2 f6 29. Kg3 Qc3 30. Kf2 Rb1 31. Kg2 Qa1 32. Qxa5 Rg1+ 33. Kh2 Rh1+ 34. Kg3 Qg1+ 35. Rg2 Rxh3+ 0-1

[Event "London Classic op 4th"]
[Site "London"]
[Date "2012.12.02"]
[Round "2"]
[White "Tozer, Philip AA"]
[Black "Ferguson, Mark"]
[Result "0-1"]
[WhiteElo "2176"]
[BlackElo "2402"]
[PlyCount "54"]
[EventDate "2012.12.01"]
[EventType "swiss"]
[EventRounds "9"]
[EventCountry "ENG"]
[SourceTitle "CBM 151 Extra"]
[Source "ChessBase"]
[SourceDate "2012.12.18"]
[SourceVersion "1"]
[SourceVersionDate "2012.12.18"]
[SourceQuality "1"]

1. c4 c6 2. g3 d5 3. Nf3 Bg4 4. Ne5 Be6 5. Bg2 dxc4 6. Na3 Qd4 7. Nf3 Qc5 8. 0-0 Nf6 9. d3 cxd3 10. exd3 Bd5 11. Be3 Qa5 12. Nc4 Qd8 13. Nce5 Nbd7 14. Nxd7 Qxd7 15. Ne5 Qe6 16. Nf3 Qd6 17. Bf4 Qd8 18. Re1 e6 19. Ng5 Bxg2 20. Kxg2 Be7 21. Ne4 0-0 22. Be5 Qd5 23. Bc3 Rfd8 24. Qf3 Qxd3 25. Nxf6+ Bxf6 26. Bxf6 Qxf3+ 27. Kxf3 gxf6 0-1

[Event "London Classic op 4th"]
[Site "London"]
[Date "2012.12.01"]
[Round "1"]
[White "Ferguson, Mark"]
[Black "Pauw, Martijn"]
[Result "1-0"]
[WhiteElo "2402"]
[BlackElo "2011"]
[PlyCount "41"]
[EventDate "2012.12.01"]
[EventType "swiss"]
[EventRounds "9"]
[EventCountry "ENG"]
[SourceTitle "CBM 151 Extra"]
[Source "ChessBase"]
[SourceDate "2012.12.18"]
[SourceVersion "1"]
[SourceVersionDate "2012.12.18"]
[SourceQuality "1"]

1. e4 c5 2. Nf3 d6 3. Bb5+ Bd7 4. Bxd7+ Qxd7 5. 0-0 Nf6 6. Qe2 Nc6 7. Rd1 Nd4 8. Nxd4 cxd4 9. c3 dxc3 10. Nxc3 e6 11. d4 Be7 12. e5 Nd5 13. Nxd5 exd5 14. exd6 Qxd6 15. Re1 Qe6 16. Bg5 Qxe2 17. Rxe2 f6 18. Rae1 0-0-0 19. Rxe7 fxg5 20. Rc1+ Kb8 21. Rcc7 1-0

[Event "BCF-chT1a 1213 (4NCL)"]
[Site "England"]
[Date "2012.11.04"]
[Round "2.126"]
[White "Ferguson, Mark"]
[Black "Radovanovic, Jovica"]
[Result "1/2-1/2"]
[WhiteElo "2402"]
[BlackElo "2359"]
[PlyCount "47"]
[EventDate "2012.11.03"]
[EventType "team-tourn"]
[EventRounds "7"]
[EventCountry "ENG"]
[SourceTitle "EXT 2013"]
[Source "ChessBase"]
[SourceDate "2012.11.22"]
[SourceVersion "1"]
[SourceVersionDate "2012.11.22"]
[SourceQuality "1"]
[WhiteTeam "Barbican"]
[BlackTeam "Cheddleton"]
[WhiteTeamCountry "ENG"]
[BlackTeamCountry "ENG"]

1. e4 c5 2. Nf3 e6 3. b3 Nc6 4. Bb5 Nge7 5. 0-0 a6 6. Bxc6 Nxc6 7. Bb2 b5 8. c4 bxc4 9. bxc4 Rb8 10. Bc3 Qc7 11. d3 d6 12. Na3 f6 13. Nh4 Ne5 14. f4 Ng6 15. f5 Nxh4 16. Qh5+ Qf7 17. Qxh4 Be7 18. fxe6 Bxe6 19. Nc2 0-0 20. Ne3 f5 21. Qf4 fxe4 22. Qxe4 Qg6 23. Rxf8+ Bxf8 24. Qxg6 1/2-1/2

[Event "London Classic op"]
[Site "London"]
[Date "2011.12.07"]
[Round "5"]
[White "Berg, Emanuel"]
[Black "Ferguson, Mark"]
[Result "1/2-1/2"]
[WhiteElo "2566"]
[BlackElo "2374"]
[PlyCount "141"]
[EventDate "2011.12.03"]
[EventType "swiss"]
[EventRounds "9"]
[EventCountry "ENG"]
[SourceTitle "CBM 145 Extra"]
[Source "ChessBase"]
[SourceDate "2012.01.03"]
[SourceVersion "1"]
[SourceVersionDate "2012.01.03"]
[SourceQuality "1"]

1. e4 e5 2. Nf3 Nf6 3. Nxe5 d6 4. Nf3 Nxe4 5. d4 d5 6. Bd3 Nc6 7. 0-0 Be7 8. c4 Nb4 9. Be2 0-0 10. Nc3 Bf5 11. a3 Nxc3 12. bxc3 Nc6 13. Re1 Re8 14. Bf4 dxc4 15. Bxc4 Bd6 16. Rxe8+ Qxe8 17. Ng5 Bg6 18. Bxd6 cxd6 19. h4 Qe7 20. Qg4 h6 21. Nf3 Qe4 22. Qg3 Bh5 23. Re1 Qc2 24. Re3 Rd8 25. Qf4 d5 26. Bd3 Qc1+ 27. Kh2 Qxa3 28. Qc7 Bxf3 29. Qxd8+ Nxd8 30. Re8+ Qf8 31. Bh7+ Kxh7 32. Rxf8 Ne6 33. Rxf7 Bd1 34. Rxb7 Nf4 35. Rxa7 Bb3 36. g3 Ne2 37. Kg2 Bc4 38. Ra3 Kg6 39. Kf3 Kf6 40. Ke3 g5 41. Kd2 Ng1 42. Ra1 Nf3+ 43. Ke3 Nh2 44. f3 g4 45. Ra8 gxf3 46. Rh8 Nf1+ 47. Kxf3 Nd2+ 48. Kf4 Ne4 49. Rxh6+ Kg7 50. Rc6 Nxc3 51. g4 Ne2+ 52. Ke3 Ng3 53. Kf3 Ne4 54. Kf4 Nf6 55. Rc7+ Kg6 56. Rc6 Kg7 57. Rc7+ Kg6 58. Rc5 Kg7 59. Rc6 Nh7 60. Rc7+ Kg6 61. Rc6+ Kg7 62. Ke5 Nf8 63. Rd6 Nh7 64. Kf4 Nf8 65. Kg5 Nh7+ 66. Kf5 Bd3+ 67. Kf4 Be4 68. Rd7+ Kg6 69. Rd6+ Kg7 70. Rd7+ Kg6 71. Rd6+ 1/2-1/2